Metals handbook / (Record no. 60890)

000 -LEADER
fixed length control field 01141cam a2200313 a 4500
001 - CONTROL NUMBER
control field 954008
003 - CONTROL NUMBER IDENTIFIER
control field NUST-PNEC
005 - DATE AND TIME OF LATEST TRANSACTION
control field 20170116180709.0
008 - FIXED-LENGTH DATA ELEMENTS--GENERAL INFORMATION
fixed length control field 840521t19841985ohua b 001 0 eng
010 ## - LIBRARY OF CONGRESS CONTROL NUMBER
LC control number 84071465
020 ## - INTERNATIONAL STANDARD BOOK NUMBER
International Standard Book Number 087170188X
040 ## - CATALOGING SOURCE
Original cataloging agency DLC
Transcribing agency PNEC
Modifying agency DLC
050 00 - LIBRARY OF CONGRESS CALL NUMBER
Classification number TA459
Item number .M432 1985
082 00 - DEWEY DECIMAL CLASSIFICATION NUMBER
Classification number 669.0202 BOY
100 ## - MAIN ENTRY--PERSONAL NAME
9 (RLIN) 493
Personal name Boyer Howard E.
245 00 - TITLE STATEMENT
Title Metals handbook /
Statement of responsibility, etc. edited by Howard E. Boyer, Timothy L. Gall.
250 ## - EDITION STATEMENT
Edition statement Desk ed.
260 ## - PUBLICATION, DISTRIBUTION, ETC.
Place of publication, distribution, etc. Metals Park, Ohio :
Name of publisher, distributor, etc. American Society for Metals,
Date of publication, distribution, etc. [1984], c1985.
300 ## - PHYSICAL DESCRIPTION
Extent 1 v. (various pagings) :
Other physical details ill. ;
Dimensions 29 cm.
500 ## - GENERAL NOTE
General note http://www.amazon.com/Metals-Handbook-Howard-E-Boyer/dp/087170188X/ref=sr_1_1?s=books&ie=UTF8&qid=1412230826&sr=1-1&keywords=087170188x
500 ## - GENERAL NOTE
General note Condensed from 18 Metals handbook volumes from both the 8th and 9th eds.
504 ## - BIBLIOGRAPHY, ETC. NOTE
Bibliography, etc. note Includes bibliographies and index.
650 #0 - SUBJECT ADDED ENTRY--TOPICAL TERM
Topical term or geographic name entry element Metals
General subdivision Handbooks, manuals, etc.
-- ME
700 1# - ADDED ENTRY--PERSONAL NAME
Personal name Boyer, Howard E.
700 1# - ADDED ENTRY--PERSONAL NAME
Personal name Gall, Timothy L.
710 2# - ADDED ENTRY--CORPORATE NAME
Corporate name or jurisdiction name as entry element American Society for Metals.
906 ## - LOCAL DATA ELEMENT F, LDF (RLIN)
a 7
b cbc
c orignew
d 2
e opcn
f 19
g y-gencatlg
942 ## - ADDED ENTRY ELEMENTS (KOHA)
Source of classification or shelving scheme
Koha item type Book
Holdings
Withdrawn status Lost status Source of classification or shelving scheme Damaged status Not for loan Permanent Location Current Location Shelving location Date acquired Source of acquisition Cost, normal purchase price Total Checkouts Full call number Barcode Date last seen Cost, replacement price Price effective from Koha item type
          Pakistan Navy Engineering College (PNEC) Pakistan Navy Engineering College (PNEC) Reference 08/02/1992 Progressive International Agency 4970.00   669.0202 BOY PNECLIB-016517 10/02/2014 4970.00 08/02/1992 Book
© 2023 Central Library, National University of Sciences and Technology. All Rights Reserved.